000 01302nam a2200289Ia 4500
003 PE SENCICO BE
005 20260218214251.0
008 200515s9999 xx 000 0 und d
020 _a956-14-0296-3
040 _aPE SENCICO BE
_cPE SENCICO BE
041 _aspa
082 _a526
_bE77 1977
100 1 _aErrázuriz K., Ana María
_9105
_eautor
245 1 0 _aProyecciones cartográficas :
_bmanejo y uso /
_cAna María Errazuriz K, José Ignacio González L.
250 _a2a ed.
260 _aSantiago :
_bediciones Uiversidad Católica de Chile ;
_c1997
300 _a112 páginas :
_bilustraciones, tablas, gráficos ;
_c25 cm.
490 _aColección textos universitarios
504 _aBibliografía: p. 111-112
505 0 _aAntecedentes históricos de las mediciones y representación de la tierra -- Las coordenadas geográficas -- La escala cartográfica -- Clasificación de las proyecciones cartográficas -- Análisis de las principales proyecciones
520 3 _aAborda los aspectos básicos que plantea la representación de la superficie curva de la tierra en un plano.
650 1 0 _aCartografía
_9251
650 2 0 _aGeografía matemática
_9296
650 2 0 _aProyecciones (Cartografía)
_9295
700 1 _aGonzalez L., José Ignacio
_9106
_eautor
942 _cLIB
_2ddc
999 _c572
_d572